第68回有馬記念 出走馬 - Statistics

General Stats
  • This quiz has been taken 63 times
  • The average score is 9 of 16
Answer Stats
着順 枠番 馬番 馬名 性齢 騎手名 単勝人気 % Correct
1 3 5 ドウデュース 牡4 武豊 2
95%
3 2 4 タイトルホルダー 牡5 横山和生 6
88%
2 8 16 スターズオンアース 牝4 C.ルメール 7
84%
4 5 10 ジャスティンパレス 牡4 横山武史 1
84%
6 7 13 タスティエーラ 牡3 R.ムーア 5
79%
8 1 1 ソールオリエンス 牡3 川田将雅 4
79%
15 3 6 ディープボンド 牡6 T.マーカンド 9
58%
12 8 15 スルーセブンシーズ 牝5 池添謙一 3
56%
5 1 2 シャフリヤール 牡4 松山弘平 8
53%
9 6 11 ハーパー 牝3 岩田望来 11
49%
11 4 7 アイアンバローズ 牡6 石橋脩 13
40%
13 4 8 ライラック 牝4 戸崎圭太 10
37%
16 5 9 ヒートオンビート 牡6 坂井瑠星 15
37%
7 6 12 ウインマリリン 牝6 L.モリス 14
30%
10 2 3 ホウオウエミーズ 牝6 田辺裕信 16
26%
14 7 7 プラダリア 牡4 B.ムルザバエフ 12
26%
No matching quizzes found
Score Distribution
Percent of People with Each Score
Percentile by Number Answered
Your Score History
You have not taken this quiz